000 02359cab a22003255a 4500
008 250516s2025 xxk f 000 0 eng d
020 _a9781783215423
035 _a(Sirsi) u151369
041 0 _aeng
050 0 4 _a333.332 $2 18
110 2 _aRoyal Institution of Chartered Surveyors
_94900
245 0 0 _aValuation of medical centres and surgery premises
250 _a3rd edition
260 _aLondon,
_bRICS
_c2025
300 _a56p.
490 0 _aRICS Professional Standard
505 2 _aIntroduction -- The NHS framework -- British medical association (BMA) guidance -- Sustainability and ESG -- Basis of valuation, general assumptions and considerations -- Valuation for partnership purposes -- Valuation for loan security purposes -- Valuation of investment properties -- Valuation of LIFT schemes -- Inspection and measurement -- Design and specification, the impact of legislation and NHS policy -- co-located pharmacies -- floor plan examples showing NIA calculation
520 _aThis professional standard is concerned with the valuation of medical centres and surgeries occupied by doctors and other similar practitioners for medical or health services in the UK. It is aimed at supporting the practice, knowledge and performance of RICS members and RICS-regulated firms working across the medical centre and surgery premises sector, as well as other industry stakeholders, including the NHS, investors, developers, lenders, legal experts, and other professionals with an interest in the primary care health sector. This standard will enable surveyors to learn about common approaches and benchmarks across the medical centre and surgery premises sector. It will also assist professionals working in this sector in helping build efficient and consistent practice in the valuation of these premises.
520 _aSupersedes 2nd edition (ISBN 9781842195994) which was withdrawn in 2015.
520 _aIn effect from 1 August 2025
521 _aAdvanced
590 _aKA
650 _aHOSPITALS
650 _aMEDICAL CENTRES
650 _aSURGERIES
651 4 _aUnited Kingdom
690 _aValuation
_96273
856 4 0 _uhttps://www.rics.org/profession-standards/rics-standards-and-guidance/sector-standards/valuation-standards/valuation-of-medical-centre-and-surgery-premises
_zView on RICS.org
942 _n0
_2ddc
999 _c122165
_d122165